Finančný plán podniku bakalárska práca

Enregistré dans:
Détails bibliographiques
Auteur principal: Tarandová, Lenka
Collectivité auteur: Fakulta podnikového manažmentu EU. Katedra podnikových financií
Autres auteurs: Bešinová, Zuzana
Format: Livre
Langue:slovaque
Publié: Bratislava 2010
Tags: Ajouter un tag
Pas de tags, Soyez le premier à ajouter un tag!

MARC

LEADER 00000nbm a2200000 4500
001 0133366
005 20161109111522.0
041 0 |a slo 
044 |a SK 
245 1 0 |a Finančný plán podniku  |b bakalárska práca  |c Lenka Tarandová ; školiteľ: Zuzana Bešinová 
264 1 |a Bratislava  |c 2010 
300 |a 57 s. 
100 1 |a Tarandová, Lenka 
700 1 |a Bešinová, Zuzana 
710 2 |a Fakulta podnikového manažmentu EU. Katedra podnikových financií